|
|
|
|
| LEADER |
00000nab a2200000 a 4500 |
| 001 |
vtls010546391 |
| 003 |
SK-MaSNL |
| 005 |
20260426101314.0 |
| 008 |
140416c2013 xo br p 000 c0ukr |
| 015 |
|
|
|a SNBRB2013/09
|
| 038 |
|
|
|a SVKPOCL
|
| 040 |
|
|
|a SVKPOCL
|b slo
|c SVKPOCL
|e AACR2
|
| 041 |
0 |
|
|a ukr
|
| 044 |
|
|
|a xo
|c SK
|
| 080 |
|
|
|a 81'1
|2 2001
|
| 080 |
|
|
|a 80(=16)+908(4)
|2 2001
|
| 080 |
|
|
|a (038)
|2 2001
|
| 080 |
|
|
|a 80(=161.2)+908(477)
|2 2001
|
| 080 |
|
|
|a 81'373.45
|2 2001
|
| 080 |
|
|
|a (048.2)
|2 2001
|
| 245 |
0 |
0 |
|a Domanyc'kyj V. Slovaryk
|
| 300 |
|
|
|b Fotogr.
|
| 500 |
|
|
|a V rubrike Ukrajina vydaje
|
| 500 |
|
|
|a Prezentovaný slovník vyšiel v: Čerkasy : Vydavec' Čabanenko Ju., 2011. - 176 s.
|
| 600 |
1 |
7 |
|a Domanyc'kyj, Vasyl' Mykolajovyč,
|d 1877-1910
|t Slovaryk
|2 svkpocl
|9 1578287
|
| 650 |
0 |
7 |
|a cudzie slová
|2 svkpocl
|9 28704
|
| 650 |
0 |
7 |
|a lingvistika
|2 svkpocl
|9 860
|
| 650 |
0 |
7 |
|a slavistika
|2 svkpocl
|9 4282
|
| 650 |
0 |
7 |
|a ukrajinistika
|2 svkpocl
|9 51200
|
| 651 |
|
7 |
|a Slovensko
|2 svkpocl
|9 14231
|
| 655 |
|
7 |
|a slovníky
|2 svkpocl
|9 70413
|
| 655 |
|
7 |
|a anotácie
|2 svkpocl
|9 51989
|
| 773 |
0 |
|
|t Duklja
|g Rik vydannja 61, No 4 (2013), s. 91
|
| 852 |
|
|
|a SVKPO
|b KIS3GCP
|
| 958 |
|
|
|a UK
|
| 958 |
|
|
|a SK
|
| 958 |
|
|
|a UA
|
| 999 |
|
|
|c 3225366
|d 3227296
|